000
00288nam a22000977a 4500
005
20250901165239.0
008
210226b ||||| |||| 00| 0 eng d
050
_a
QC71 .R36
245
_a
The new physics
_b
talks on aspects of science
_c
RAMAN, C.V.
942
_2
lcc
_h
QC71 .R36 1951
999
_c
959
_d
959